000 00497nam a2200157 i 4500
001 24488
003 ES-MaACL
005 20230906153046.0
007 t|
008 021217s1936 sp ||||1| cat d
100 1 _aAndrés de Palma de Mallorca.
_921600
245 1 4 _aEls sistemes jurídics i les idees juridiques de Ramón Llull /
_cAndrés de Palma de Mallorca.
260 _aMallorca :
_bBiblioteca Lesille d'Or,
_c1936 (
_fAlcover)
300 _a181 p. ;
_c16 cm.
852 _aES-MaACL
_jF-14730
999 _c24488
_d24488